Countries of the World (with Palestine) - Statistics

General Stats
  • This quiz has been taken 621 times
    619 since last reset
  • The average score is 132 of 197
Answers on the Map
Answers color-coded by a green-red scale on the quiz's map according to % correct below.
 
Answer Stats
Answer % Correct
Palestine
91%
Canada
82%
Brazil
79%
China
79%
France
79%
Russia
79%
United Kingdom
79%
USA
79%
Mexico
78%
Australia
77%
Egypt
77%
India
77%
Ireland
77%
Italy
77%
Japan
77%
Turkey
77%
Argentina
76%
Denmark
76%
Finland
76%
Spain
76%
Germany
75%
Greece
75%
Iceland
75%
Iran
75%
Morocco
75%
Niger
75%
Norway
75%
Chile
74%
Iraq
74%
Kazakhstan
74%
Mongolia
74%
North Korea
74%
Pakistan
74%
Portugal
74%
South Korea
74%
Sudan
74%
Sweden
74%
Switzerland
74%
Ukraine
74%
Afghanistan
73%
Austria
73%
Belgium
73%
Cuba
73%
Indonesia
73%
Madagascar
73%
Nigeria
73%
Oman
73%
Saudi Arabia
73%
South Africa
73%
Yemen
73%
Algeria
72%
Jordan
72%
Netherlands
72%
New Zealand
72%
Peru
72%
Poland
72%
Syria
72%
Uruguay
72%
Vietnam
72%
Colombia
71%
Czechia
71%
Democratic Republic of the Congo
71%
Panama
71%
United Arab Emirates
71%
Bangladesh
70%
Chad
70%
Hungary
70%
Nepal
70%
Philippines
70%
Qatar
70%
Republic of the Congo
70%
Romania
70%
Somalia
70%
South Sudan
70%
Sri Lanka
70%
Thailand
70%
Venezuela
70%
Albania
69%
Bolivia
69%
Croatia
69%
Cyprus
69%
Estonia
69%
Haiti
69%
Jamaica
69%
Lebanon
69%
Libya
69%
Paraguay
69%
Slovakia
69%
Bosnia and Herzegovina
68%
Bulgaria
68%
Cambodia
68%
Dominica
68%
Ethiopia
68%
Georgia
68%
Kenya
68%
Laos
68%
Malaysia
68%
Papua New Guinea
68%
Tunisia
68%
Zimbabwe
68%
Armenia
67%
Belarus
67%
Bhutan
67%
Dominican Republic
67%
Ghana
67%
Latvia
67%
Lithuania
67%
Luxembourg
67%
Mali
67%
Slovenia
67%
Taiwan
67%
Uzbekistan
67%
Vatican City
67%
Bahamas
66%
Ecuador
66%
Malta
66%
Serbia
66%
Turkmenistan
66%
Andorra
65%
Angola
65%
Costa Rica
65%
Honduras
65%
Azerbaijan
64%
El Salvador
64%
Guinea
64%
Guyana
64%
Kosovo
64%
Kuwait
64%
Kyrgyzstan
64%
Myanmar
64%
North Macedonia
64%
Togo
64%
Botswana
63%
Fiji
63%
Guatemala
63%
Lesotho
63%
Mauritania
63%
Moldova
63%
Namibia
63%
Zambia
63%
Bahrain
62%
Belize
62%
Benin
62%
Central African Republic
62%
Eritrea
62%
Nicaragua
62%
Rwanda
62%
Suriname
62%
Uganda
62%
Djibouti
61%
Liberia
61%
Liechtenstein
61%
Maldives
61%
Mauritius
61%
Monaco
61%
Mozambique
61%
Senegal
61%
Tajikistan
61%
Tanzania
61%
Cameroon
60%
Ivory Coast
60%
Montenegro
60%
Singapore
60%
Barbados
59%
Burkina Faso
59%
Federated States of Micronesia
59%
Guinea Bissau
59%
Malawi
59%
Samoa
59%
Seychelles
59%
Burundi
58%
Gabon
58%
Kiribati
58%
San Marino
58%
Trinidad and Tobago
58%
Brunei
57%
Equatorial Guinea
57%
Eswatini
57%
Gambia
57%
St Kitts and Nevis
57%
St Lucia
57%
East Timor
56%
Nauru
56%
Palau
56%
Sierra Leone
56%
Solomon Islands
56%
Tonga
56%
Vanuatu
56%
Marshall Islands
55%
St Vincent and the Grenadines
55%
Tuvalu
55%
Sao Tome and Principe
54%
Comoros
53%
Antigua and Barbuda
52%
Grenada
52%
Cabo Verde
42%
No matching quizzes found
Score Distribution
Percent of People with Each Score
Percentile by Number Answered
Your Score History
You have not taken this quiz since the last reset